Central Library OPAC University of Rajshahi

Managerial accounting : (Record no. 61025)

MARC details
000 -LEADER
fixed length control field 00809nam a2200265 a 4500
001 - CONTROL NUMBER
control field 61025
003 - CONTROL NUMBER IDENTIFIER
rucl marc code BD-RjUL
005 - DATE AND TIME OF LATEST TRANSACTION
control field 20211209080919.0
008 - FIXED-LENGTH DATA ELEMENTS--GENERAL INFORMATION
fixed length control field 170114s1994 at a 001 0 eng
020 ## - INTERNATIONAL STANDARD BOOK NUMBER
International Standard Book Number 0256110107
035 ## - SYSTEM CONTROL NUMBER
System control number (BD-RjUL)61149
040 ## - CATALOGING SOURCE
Original cataloging agency BD-RjUL
Transcribing agency BD-RjUL
Language of cataloging eng
Modifying agency BD-RjUL
041 ## - LANGUAGE CODE
Language code of text/sound track or separate title eng
082 14 - DEWEY DECIMAL CLASSIFICATION NUMBER
Classification number 658.1511
Edition number 23
Author mark and year GAM 1994
100 1# - MAIN ENTRY--PERSONAL NAME
Personal name Garrison, Ray H.
9 (RLIN) 180849
245 10 - TITLE STATEMENT
Title Managerial accounting :
Remainder of title concepts for planning, control, decision making /
Statement of responsibility, etc. Ray H. Garrison, Eric W. Noreen.
250 ## - EDITION STATEMENT
Edition statement 7th ed
260 ## - PUBLICATION, DISTRIBUTION, ETC. (IMPRINT)
Place of publication, distribution, etc. Boston, London :
Name of publisher, distributor, etc. McGraw-Hill/Irwin,
Date of publication, distribution, etc. c1994.
300 ## - PHYSICAL DESCRIPTION
Pagination xxxi, 912 p. :
Illustrations ill. ;
Size 28 cm.
500 ## - GENERAL NOTE
General note Includes index.
650 #0 - SUBJECT ADDED ENTRY--TOPICAL TERM
Topical term or geographic name as entry element Managerial accounting.
9 (RLIN) 175029
700 1# - ADDED ENTRY--PERSONAL NAME
Personal name Noreen, Eric W.
942 ## - ADDED ENTRY ELEMENTS (KOHA)
Source of classification or shelving scheme Dewey Decimal Classification
Koha item type Books
Holdings
Lost status Source of classification or shelving scheme Damaged status Not for loan Collection code Permanent Location Current Location Shelving location Date acquired Source of acquisition Cost, normal purchase price Total Checkouts Full call number Date last seen Copy number Koha item type
  Dewey Decimal Classification   Not For Loan Non-fiction Central Library, University of Rajshahi Central Library, University of Rajshahi Reading Room 17/09/1996 Tulip 23.00   658.1511 GAM 1994 14/01/2017 C-1 Books